| 000 | 03590cam a2200385 i 4500 | ||
|---|---|---|---|
| 001 | 17153005 | ||
| 003 | EG-ScBUE | ||
| 005 | 20250612132643.0 | ||
| 008 | 120207r20142012enka f b 001 0 eng d | ||
| 020 | _a9781107005464 (hardback) | ||
| 040 |
_aDLC _beng _erda _cDLC _dDLC _dEG-ScBUE |
||
| 082 | 0 | 0 |
_a535.15 _222 _bNOV |
| 100 | 1 |
_aNovotny, Lukas, _eauthor. _937189 |
|
| 245 | 1 | 0 |
_aPrinciples of nano-optics / _cLukas Novotny, University of Rochester, New York, Bert Hecht, Universitat Wurzburg. |
| 250 | _aSecond edition. | ||
| 250 | _aReprinted edition. | ||
| 264 | 1 |
_aCambridge, United Kingdom : _bCambridge University Press, _c2014. |
|
| 300 |
_axvii, 564 pages : _billustrations ; _c26 cm |
||
| 336 |
_2rdacontent _atext _btxt |
||
| 337 |
_aunmediated _2rdamedia _bn |
||
| 338 |
_avolume _bnc _2rdacarrier |
||
| 504 | _aIncludes bibliographical references and index. | ||
| 505 | 8 | _aMachine generated contents note : Preface ; 1. Introduction ; 2. Theoretical foundations ; 3. Propagation and focusing of optical fields ; 4. Resolution and localization ; 5. Nanoscale optical microscopy ; 6. Near-field optical probes ; 7. Probe-sample distance control ; 8. Optical interactions ; 9. Quantum emitters ; 10. Dipole emission near planar interfaces ; 11. Photonic crystals, resonators, and cavity optomechanics ; 12. Surface plasmons ; 13. Optical antennas ; 14. Forces in confined fields ; 15. Fluctuation-induced interactions ; 16. Theoretical methods in nano-optics; Appendices; Index. | |
| 520 | _a"First published in 2006, this book has become the standard reference on nano-optics. Now in its second edition, the text has been thoroughly updated to take into account new developments and research directions. While the overall structure and pedagogical style of the book remain unchanged, all existing chapters have been expanded and a new chapter has been added. Adopting a broad perspective, the authors provide a detailed overview of the theoretical and experimental concepts that are needed to understand and work in nano-optics, across subfields ranging from quantum optics to biophysics. New topics of discussion include: optical antennas ; new imaging techniques ; Fano interference and strong coupling ; reciprocity ; metamaterials ; and cavity optomechanics. With numerous end-of-chapter problem sets and illustrative material to expand on ideas discussed in the main text, this is an ideal textbook for graduate students entering the field. It is also a valuable reference for researchers and course teachers" | ||
| 520 | _a"The introduction of new concepts and applications. Applications of near-field optics soon covered a large span ranging from fundamental physics and materials science to biology and medicine. Following a logical development, the strong interest in near-field optics gave birth to the fields of singlemolecule spectroscopy and plasmonics, and inspired new theoretical work associated with the nature of optical near-fields. In parallel, relying on the momentum of the flowering nanosciences, researchers started to tailor nanomaterials with novel optical properties. Photoniccrystals, single-photon sources and optical microcavities are products of this effort" | ||
| 650 | 7 |
_aNanostructured materials. _2BUEsh _9518 |
|
| 650 | 7 |
_aNear-field microscopy. _2BUEsh _933144 |
|
| 650 | 7 |
_aQuantum optics. _2BUEsh _911201 |
|
| 650 | 7 |
_aPhotonics. _2BUEsh _95752 |
|
| 650 | 7 |
_aNanophotonics. _2BUEsh _931405 |
|
| 653 |
_bENGELC _cJanuary2015 |
||
| 655 |
_vReading book _934232 |
||
| 700 | 1 |
_aHecht, Bert, _d1968- _eauthor. _937190 |
|
| 942 |
_2ddc _cBB |
||
| 999 |
_c18888 _d18860 |
||